LIBRARY & INFORMATION CENTRE, KCAET, TAVANUR

ONLINE PUBLIC ACCESS CATALOGUE (OPAC)

Kosam / (Record no. 6240)

MARC details
000 -LEADER
fixed length control field 00576cam a2200241ua 4500
041 ## - LANGUAGE CODE
Language code of text/sound track or separate title mal
082 ## - DEWEY DECIMAL CLASSIFICATION NUMBER
Classification number 574.87
Item number SWA/KO
100 ## - MAIN ENTRY--AUTHOR NAME
Personal name Swanson, Carl P .
245 ## - TITLE STATEMENT
Title Kosam /
250 ## - EDITION STATEMENT
Edition statement 1 /
260 ## - PUBLICATION, DISTRIBUTION, ETC. (IMPRINT)
Place of publication Thiruvananthapuram :
Name of publisher State Instititute of Languages ,
Year of publication 1972.
300 ## - PHYSICAL DESCRIPTION
Number of Pages 177 ; .
942 ## - ADDED ENTRY ELEMENTS (KOHA)
Koha item type Books
Holdings
Withdrawn status Lost status Damaged status Home library Current library Date acquired Full call number Accession Number Koha item type
      KAUAET KAUAET 07/04/2012 574.87 13704 Books
      KAUAET KAUAET 07/04/2012 574.87 13703 Books
      KAUAET KAUAET 07/04/2012 574.87 13706 Books
      KAUAET KAUAET 07/04/2012 574.87 13705 Books
      KAUAET KAUAET 07/04/2012 574.87 13707 Books
      KAUAET KAUAET 07/04/2012 574.87 13873 Books
free website counter